00576nam a22001577a 4500008004100000020001800041050002800059100002800087245005800115260003700173300001800210520010300228650002100331650002200352650004400374260323b |||||||| |||| 00| 0 eng d a9780573640032 aPR9369.3b.F84 B56 1989 aFugard, Athol,dauthor. aBlood knot :ba play in seven scenes /cAthol Fugard. aNew York :bSamuel French,c1989 a85p. ;c12cm. aA dramatic play exploring themes of race, identity, and brotherhood in apartheid-era South Africa. aBrothersvDrama. aApartheidvDrama. aSouth AfricavDrama.xSocial conditions